| 000 | 01018nmc a2200349 a 4500 | ||
|---|---|---|---|
| 003 | AR-BaBNM | ||
| 005 | 20251128211709.0 | ||
| 008 | 055020s2005 ||||||||||||||000 | spa|| | ||
| 020 | _a987-1217-05-6 | ||
| 040 | _cAR-BaBNM | ||
| 100 | 1 | _aBranzei, Sylvia | |
| 245 | 1 | 0 |
_aAsquerosología _bde la cabeza a los pies |
| 250 | _a1ª ed. | ||
| 260 |
_aBuenos Aires _bEdiciones Iamiqué _c2005 |
||
| 300 | 0 | _a82 p. | |
| 490 | 0 | _aAsquerosología | |
| 500 | 0 | _aTraducción de Paula Bombara. Adaptación de Carla Baredes e Ileana Lotersztain | |
| 500 | 0 | _aCon dedicatoria de las adaptadoras para la BNM | |
| 650 | 4 | _aLIBROS PARA NINOS | |
| 650 | 4 | _aBIOLOGIA | |
| 650 | 4 | _aLITERATURA INFANTIL | |
| 650 | 4 | _aANATOMIA | |
| 650 | 4 | _aDIVULGACION CIENTIFICA | |
| 650 | 4 | _aMEDICINA | |
| 655 | _aLITERATURA | ||
| 700 | 1 |
_aKeely, Jack _eilustrador |
|
| 700 | 1 |
_aBombara, Paula _etraductor |
|
| 700 | 1 |
_aBaredes, Carla _eadaptador |
|
| 700 | 1 |
_aLotersztain, Ileana _eadaptador |
|
| 942 | _cBK | ||
| 998 | _cmartin | ||
| 999 |
_c20760 _d20760 |
||